| 000 | 00000nam 2200000za 4500 |
| 001 | 9.816795 |
| 003 | CaOODSP |
| 005 | 20250303104652 |
| 007 | cr ||||||||||| |
| 008 | 160503s1922 onc ||||o f|0| 0 eng d |
| 040 | |aCaOODSP|beng |
| 043 | |an-cn--- |
| 086 | 1 |aA12-2/2-1922E-PDF |
| 100 | 1 |aShutt, Frank T. |q(Frank Thomas), |d1859-1940. |
| 245 | 10|aBran, shorts, middlings and feed flour |h[electronic resource] : |ban investigation towards revised standards / |cby Frank T. Shutt and S.N. Hamilton. |
| 260 | |aOttawa : |bDept. of Agriculture : |bDivision of Chemistry, Dominion Experimental Farms Branch, |c1922. |
| 300 | |a24 p. |
| 490 | 1 |aBulletin, New series |vno. 2 |
| 500 | |aHistorical publication digitized [from Agriculture and Agri-Food Canada collection]. |
| 500 | |a"January 1922." |
| 500 | |aIssued also in French under title: Son, petit son, gru et remoulages : recherches en vue de l'établissement de nouveaux types modèles. |
| 692 | 07|2gccst|aGrains |
| 692 | 07|2gccst|aAgricultural technology |
| 700 | 1 |aHamilton, S. N. |
| 710 | 1 |aCanada. |bDepartment of Agriculture. |
| 710 | 2 |aDominion Experimental Farms and Stations (Canada) |
| 775 | 08|tSon, petit son, gru et remoulages : |w(CaOODSP)9.907477 |
| 830 | #0|aBulletin (Canada. Department of Agriculture)|vno. 2 |w(CaOODSP)9.812039 |
| 856 | 40|qPDF|s1.93 MB|uhttps://publications.gc.ca/collections/collection_2016/aac-aafc/agrhist/A12-2-2-1922-eng.pdf |